Missing Word: 'G' #1s Quiz Stats

Quiz Updated Feb 25, 2016

Challenge
Share
Tweet
Embed
Score 0/18 Timer 03:00
2 Plays Today
Single Title 'G' Word % Correct
Never Gonna ____ You UpGive
97.9%
Don't Stop 'Til You ____ EnoughGet
95.2%
Who's That ____Girl
95%
I Heard It Through the ____Grapevine
94.7%
____ My Mind Set on YouGot
94.5%
Blaze of ____Glory
89.6%
Heart of ____Gold
88.8%
Bump n' ____Grind
88.7%
____ in a BottleGenie
85.9%
Single Title 'G' Word % Correct
Raise Your ____Glass
84.4%
Ballad of the ____ BeretsGreen
83.5%
____ Love of AllGreatest
79.8%
____ On My MindGeorgia
72.3%
Hello, ____Goodbye
69.5%
____ ParadiseGangsta's
65.3%
Rock Me ____Gently
59.6%
____, Tramps & ThievesGypsys
57.1%
My ____Guy
55.9%

Today's Daily Dose

Word Ladder
'90s Movies

Quick Pick
'Fire' Movies

On This Day
June 19th II

You're not logged in!

Compare scores with friends on all Sporcle quizzes.
Join for Free
OR
Log In

You Might Also Like...

Show Comments

Extras

Top Quizzes Today


Score Distribution

Your Account Isn't Verified!

In order to create a playlist on Sporcle, you need to verify the email address you used during registration. Go to your Sporcle Settings to finish the process.

Report this User

Report this user for behavior that violates our Community Guidelines.

Details: